No Hint Sorting Gallery Quiz Stats

 Plays Quiz Updated Jun 26, 2017

Support Sporcle.
Go Orange.
Score 0/78 Timer 12:00
4 Plays Today
% Correct
A Partridge in a Pear Tree
97%
Drummers Drumming
95.9%
Geese a-Laying
95.9%
Lords a-Leaping
95.5%
Maids a-Milking
95.3%
Swans a-Swimming
95%
French Hens
95%
Ladies Dancing
94.8%
Pipers Piping
94.5%
Calling Birds
94.5%
Golden Rings
94.4%
Turtle Doves
93.7%
Cornell University
85%
Columbia University
84.9%
Dartmouth College
84.6%
Brown University
84.5%
Ear
83.9%
Chicago Blackhawks
83.6%
Lip
83.6%
Leg
83.2%
Arm
83.1%
Detroit Red Wings
83%
Eye
83%
Hip
82.9%
Boston Bruins
82.6%
Lisa
82.6%
Bart
82.6%
Homer
82.2%
Gryffindor
82.2%
Harvard University
82.1%
Princeton University
82.1%
Montreal Canadiens
82%
Blue
81.6%
Hufflepuff
81.5%
Green
81.4%
New York Rangers
81.4%
Jaw
81.1%
University of Pennsylvania
81%
Red
80.9%
% Correct
Four of a Kind
80.8%
Maggie
80.8%
Ravenclaw
80.7%
Marge
80.5%
Slytherin
80.3%
Full House
80.2%
The Who by Numbers
80%
Violet
79.9%
Who Are You
79.7%
Flush
79.5%
The Who Sell Out
79.4%
Legislative
79.2%
Executive
78.9%
Judicial
78.9%
Rib
78.9%
Who's Next
78.5%
Orange
78.4%
Straight Flush
78.4%
Toronto Maple Leafs
78.3%
Yellow
78.1%
Yale University
78%
High Card
77.9%
Indigo
77.9%
My Generation
77.4%
Gum
77.2%
Toe
76.8%
Straight
76.3%
A Quick One
75.2%
Face Dances
75%
One Pair
75%
Three of a Kind
74.8%
Two Pair
74.1%
Endless Wire
72.8%
It's Hard
72.2%
Sunni
71%
Shia
71%
Quadrophenia
70.5%
Mount Everest
68.7%
Tommy
66%

You're not logged in!

Compare scores with friends on all Sporcle quizzes.
OR
Log In
Forgot?

From the Vault

Images That Start with 'Q'

by sproutcm

We have some very serious questions about this quiz.
Remove Ads.
Support Sporcle.
Get the best of Sporcle when you Go Orange. This ad-free experience offers more features, more stats, and more fun while also helping to support Sporcle. Thank you for becoming a member.

Show Comments

Extras

Top Quizzes Today


Score Distribution

Your Account Isn't Verified!

In order to create a playlist on Sporcle, you need to verify the email address you used during registration. Go to your Sporcle Settings to finish the process.

Report this User

Report this user for behavior that violates our Community Guidelines.

Details: